El Espíritu Santo anima y guía a la Iglesia: Religión 7º año de Educación Básica
Salvato in:
| Ente Autore: | |
|---|---|
| Natura: | Libro |
| Lingua: | spagnolo |
| Pubblicazione: |
Santiago
Don Bosco S. A
2007
|
| Serie: | Colección Creciendo con Jesús
|
| Soggetti: | |
| Tags: |
Aggiungi Tag
Nessun Tag, puoi essere il primo ad aggiungerne!!
|
MARC
| LEADER | 00000cam a2200000 a 4500 | ||
|---|---|---|---|
| 001 | UCF8881 | ||
| 003 | CL-VaPUC | ||
| 008 | 131011e20070000cl |||||||||||||||||spa|d | ||
| 020 | |a 9789561807432 | ||
| 082 | 0 | 4 | |a 372.84 |b CON |2 21 |
| 110 | 2 | |a Congregación Salesiana de Chile |e author |9 570990 | |
| 245 | 1 | 3 | |a El Espíritu Santo anima y guía a la Iglesia: Religión 7º año de Educación Básica |
| 300 | |a 144 p | ||
| 942 | |c BK | ||
| 945 | |d 20131011 10:45:00 |a dcastane | ||
| 260 | |a Santiago |b Don Bosco S. A |c 2007 | ||
| 650 | 0 | |a Educación religiosa |9 308312 | |
| 650 | 0 | |a Métodos de enseñanza |9 270413 | |
| 650 | 0 | |a Educación básica |9 224933 | |
| 583 | |a last modification |c 20131011 10:45:00 |k Rodrigo Vera | ||
| 490 | 0 | |a Colección Creciendo con Jesús | |
| 999 | |c 353394 |d 353392 | ||
| 952 | |0 0 |1 0 |3 erb |4 0 |6 372_840000000000000_CON_2007 |7 0 |8 A |9 458567 |a BIBTEO |b BIBTEO |d 2019-11-23 |i 5015650 |o 372.84 CON 2007 |p 5015650 |r 2025-01-17 |w 2019-11-23 |y BK |z Catalogado en:20131011 |k ICR | ||
| 952 | |0 0 |1 0 |3 erb |4 0 |6 372_840000000000000_CON_2007 |7 0 |8 A |9 458568 |a BIBTEO |b BIBTEO |d 2019-11-23 |i 5015669 |o 372.84 CON 2007 |p 5015669 |r 2025-01-17 |w 2019-11-23 |y BK |z Catalogado en:20131011 |k ICR | ||
| 952 | |0 0 |1 0 |3 erb |4 0 |6 372_840000000000000_CON_2007 |7 0 |8 A |9 458569 |a BIBTEO |b BIBTEO |d 2019-11-23 |i 5015677 |o 372.84 CON 2007 |p 5015677 |r 2025-01-17 |w 2019-11-23 |y BK |z Catalogado en:20131011 |k ICR | ||